000 01065nam a2200229Ia 4500
001 8658
003 GE_BSU
008 181216s||||||||xx |||||||||||||| ||und||
040 _cGE_BSU
245 _aბუღალტრული აღრიცხვა : №10(238). 2016
245 _bსაქართველოს პროფესიონალ ბუღალტერთა და აუდიტორთა ფედერაცია.
245 _cმთავარი რედაქტორი ლავრენტი ჭუმბურიძე.გამოც.რედ:მანანა გველესიანი.
250 _aყოველთვიური სამეცნიერო-პრაქტიკული ჟურნალი
260 _aთბილისი
260 _c2016
300 _a72გვ.30სმ.
520 _aACCA
653 _aბუღალტერია
653 _aბუღალტრული აღრიცხვა.
653 _aპერიოდიკა
942 _cCR
999 _c41974
_d41974